000 00468nam a2200169 i 4500
001 23671
003 ES-MaACL
005 20230906152920.0
007 t|
008 021211s1972 sp ||||1| spa d
100 1 _aAnder-Egg, Ezequiel.
_921426
245 1 0 _aServicio social para una nueva época /
_cEzequiel Ander-Egg.
250 _a[2ª ed.].
260 _a[Madrid :
_bEuroamérica,
_c1972]
300 _a336 p. ;
_c19 cm.
852 _aES-MaACL
_jC-53210
_bR.84802
999 _c23671
_d23671